|
|
|
|
| LEADER |
00763nam a2200205 a 4500 |
| 001 |
00017822 |
| 008 |
100720s1993 nyu 000 0 eng d |
| 020 |
|
|
|a 8172110472
|
| 040 |
|
|
|a BD-DhAAL
|c BD-DhAAL
|d BD-DhAAL
|
| 082 |
0 |
0 |
|a 155.9
|2 22
|
| 100 |
1 |
|
|a Hasija,Sudarshan
|
| 245 |
1 |
0 |
|a Personality stress and problem solving /
|c Sudarshan Hasija
|
| 260 |
|
|
|a New Delhi :
|b Northan Book Centre,
|c 1993
|
| 300 |
|
|
|a xvi,142 p. :
|b ill. ;
|c 23 cm.
|
| 541 |
1 |
|
|e 00012665
|
| 650 |
|
0 |
|a Doors
|z Europe.
|
| 650 |
|
0 |
|a Stress (Psychology)
|
| 852 |
4 |
|
|a Ayesha Abed Library
|j General shelf
|
| 999 |
|
|
|c 9366
|d 9366
|
| 952 |
|
|
|0 0
|1 0
|2 ddc
|4 0
|6 155_900000000000000_HAS
|7 0
|9 12096
|a BRACUL
|b BRACUL
|c GEN
|d 2010-09-26
|g 303.00
|l 4
|m 19
|o 155.9 HAS
|p 3010012665
|r 2023-03-04
|s 2022-11-27
|t 1
|w 2010-09-26
|y BK
|x RS-250
|